000 00955nam0a22002771 4500
001 rc\1180839
005 20250622211929.0
035 _a(NLR Aleph) 006423002
090 _a5468541
_c5468541
100 _a20041129d1980 |||y0rusy50 ca
101 0 _arus
102 _aRU
105 _aa |||||||||
200 1 _aЯрославль
_eПутеводитель
_fП. Козлов, А. Суслов, С. Чураков
210 _aЯрославль
_cВерх.-Волж. кн. изд-во
_d1980
215 _a206 с., 32 л. ил.
_cил.
_d17
300 _aНа пер. авт. не указаны
320 _aБиблиогр.: с. 204-205
700 1 _aКозлов
_bП.И.
_gПавел Ильич
701 1 _aСуслов
_bА.И.
_gАлексей Ильич
701 1 _aЧураков
_bС.С.
_gСергей Сергеевич
801 0 _aRU
_bNLR
_gpsbo
801 1 _aRU
_bELAR
_2rusmarc
852 _aNLR
_j80-2/3076
942 _cBOOK
980 _aNB